Franco Modigliani

Život a dielo amerického ekonóma talianskeho pôvodu Franca Modiglianiho, nositeľa Nobelovej ceny za ekonómiu v roku 1985. Jeho poznatky viedli k obohateniu teórie peňazí, úroku a úrokových mier, teórie finančných trhov, teórie spotreby, teórie investícií, teórie inflácie a teórie nezamestnanosti. Pr...

Descrizione completa

Salvato in:
Dettagli Bibliografici
Autore principale: Rozborilová, Dária
Natura: Capitolo di libro
Lingua:slovacco
Soggetti:
Tags: Aggiungi Tag
Nessun Tag, puoi essere il primo ad aggiungerne!!

MARC

LEADER 00000naa$a2200000$$$4500
001 0003914
005 20240502071347.8
041 0 |a slo 
044 |a SK 
245 1 0 |a Franco Modigliani  |c aut. Daria Rozborilová 
520 |a Život a dielo amerického ekonóma talianskeho pôvodu Franca Modiglianiho, nositeľa Nobelovej ceny za ekonómiu v roku 1985. Jeho poznatky viedli k obohateniu teórie peňazí, úroku a úrokových mier, teórie finančných trhov, teórie spotreby, teórie investícií, teórie inflácie a teórie nezamestnanosti. Prispel k analýze deficitného financovania vládnych výdavkov a k analýze účinkov stabilizačnej hospodárskej politiky. Výber z prác F. Modiglianiho. 
610 2 0 |a ekonómovia 
610 2 0 |a životopisy 
610 2 0 |a teórie ekonomické 
610 2 0 |a Nobelova cena 
610 2 0 |a teória peňažná 
610 2 0 |a makroekonomika 
610 2 0 |a Modigliani, F. 
100 1 |a Rozborilová, Dária